00359pab a2200121 454500008004000000100001900040245009700059260000900156300001700165362000800182650001200190773003500202180718b2011 xxu||||| |||| 00| 0 eng d aWilliams, Glyn aPerforming participatory citizenship - policies and power in Kerala's Kudumbashree programme c2011 ap.1261-1280. aAug aPoverty aJournal of Development Studies